Kābya o kaḷākāra. (Record no. 75433)

MARC details
000 -LEADER
fixed length control field 00560cam a22002291 4500
001 - CONTROL NUMBER
control field sa 67005766
003 - CONTROL NUMBER IDENTIFIER
control field DLC
005 - DATE AND TIME OF LATEST TRANSACTION
control field 20260227112400.0
008 - FIXED-LENGTH DATA ELEMENTS--GENERAL INFORMATION
fixed length control field 890724s1966 ii b 000 0 orio
010 ## - LIBRARY OF CONGRESS CONTROL NUMBER
LC control number sa 67005766
035 ## - SYSTEM CONTROL NUMBER
System control number (OCoLC)20059788
040 ## - CATALOGING SOURCE
Original cataloging agency DLC
Transcribing agency WaU
Modifying agency DLC
042 ## - AUTHENTICATION CODE
Authentication code premarc
050 00 - LIBRARY OF CONGRESS CALL NUMBER
Classification number PK2571
Item number .B4
100 1# - MAIN ENTRY--PERSONAL NAME
Personal name Behera, Chintamani,
Dates associated with a name 1929-
245 10 - TITLE STATEMENT
Title Kābya o kaḷākāra.
260 ## - PUBLICATION, DISTRIBUTION, ETC.
Date of publication, distribution, etc. [1966]
300 ## - PHYSICAL DESCRIPTION
Extent 266 p.
Dimensions 24 cm.
500 ## - GENERAL NOTE
General note In Oriya.
504 ## - BIBLIOGRAPHY, ETC. NOTE
Bibliography, etc. note Bibliographical footnotes.
650 #0 - SUBJECT ADDED ENTRY--TOPICAL TERM
Topical term or geographic name entry element Oriya literature.

No items available.

Powered by Koha